Extensions of time - notice of condition precedent to entitlement (Record no. 72077)
[ view plain ]
| 000 -LEADER | |
|---|---|
| fixed length control field | 01778cam a2200265 4500 |
| 001 - CONTROL NUMBER | |
| control field | ABS66317 |
| 008 - FIXED-LENGTH DATA ELEMENTS--GENERAL INFORMATION | |
| fixed length control field | 030207n2003 000 0 eng u |
| 035 ## - SYSTEM CONTROL NUMBER | |
| System control number | (Sirsi) u121274 |
| 100 ## - MAIN ENTRY--PERSONAL NAME | |
| Personal name | Winter, J. |
| 245 ## - TITLE STATEMENT | |
| Title | Extensions of time - notice of condition precedent to entitlement |
| 260 ## - PUBLICATION, DISTRIBUTION, ETC. | |
| Date of publication, distribution, etc. | 2003 |
| 490 ## - SERIES STATEMENT | |
| Series statement | Civil Engineering Surveyor |
| Volume/sequential designation | December/January 2003, 18(1) |
| 520 ## - SUMMARY, ETC. | |
| Summary, etc. | Considers the benefits of making a condition precedent of extensions of time and the problems associated with it. Looks at two Australian cases "Gaymark Investments Pty Ltd v Walter Construction Group Pty Ltd (1999) and "Abigroup Pty Ltd v Peninsula Balmain Pty Ltd" (2002) where the contractor was able to rely on the prevention principle and the latter where the contractor should have been allowed an extension of time. The UK standard forms, JCT and ICE, do not make notice a condition precedent to an extension of time, whereas FIDIC's "Conditions of contract for EPC/turnkey contracts" (known as the Silver book) cl20.1 insists on a notice of a claim if an extension of time is required by the contractor. View "Gaymark Investments Pty Ltd v Walter Construction Group Pty Ltd" judgment at www.nt.gov.au/ntsc. |
| 590 ## - LOCAL NOTE (RLIN) | |
| Local note | ABS |
| 650 ## - SUBJECT ADDED ENTRY--TOPICAL TERM | |
| Topical term or geographic name entry element | EXTENSIONS OF TIME |
| 650 ## - SUBJECT ADDED ENTRY--TOPICAL TERM | |
| Topical term or geographic name entry element | CONDITION PRECEDENTS |
| 650 ## - SUBJECT ADDED ENTRY--TOPICAL TERM | |
| Topical term or geographic name entry element | BUILT ENVIRONMENT-BUILDING CONTRACT FORMS-STANDARD FORMS OF BUILDING CONTRACT-INTERNATIONAL FEDERATION OF CONSULTING ENGINEERS CONTRACTS |
| 650 ## - SUBJECT ADDED ENTRY--TOPICAL TERM | |
| Topical term or geographic name entry element | JCT STANDARD FORMS OF BUILDING CONTRACT |
| 650 ## - SUBJECT ADDED ENTRY--TOPICAL TERM | |
| Topical term or geographic name entry element | ICE FORMS |
| 650 ## - SUBJECT ADDED ENTRY--TOPICAL TERM | |
| Topical term or geographic name entry element | GAYMARK INVESTMENTS PTY LTD V WALTER CONSTRUCTION GROUP PTY LTD |
| 650 ## - SUBJECT ADDED ENTRY--TOPICAL TERM | |
| Topical term or geographic name entry element | ABIGROUP CONTRACTORS PTY LTD V PENINSULAR BALMAIN PTY LTD |
| 690 ## - LOCAL SUBJECT ADDED ENTRY--TOPICAL TERM (OCLC, RLIN) | |
| Topical term or geographic name as entry element | BUILT ENVIRONMENT-BUILDING CONTRACT FORMS |
| 700 ## - ADDED ENTRY--PERSONAL NAME | |
| Personal name | Essen, M. |
| 942 ## - ADDED ENTRY ELEMENTS (KOHA) | |
| Suppress in OPAC | 0 |
| Withdrawn status | Lost status | Source of classification or shelving scheme | Damaged status | Not for loan | Home library | Current library | Shelving location | Date acquired | Total Checkouts | Full call number | Barcode | Date last seen | Copy number | Price effective from | Koha item type |
|---|---|---|---|---|---|---|---|---|---|---|---|---|---|---|---|
| Dewey Decimal Classification | London | London | Journal article | 07/02/2003 | ABS66317 | 121274-1001 | 06/08/2019 | 1 | 06/08/2019 | Journal article |